| 000 | 00933cab a2200253 4500 | ||
|---|---|---|---|
| 001 | ABS56237 | ||
| 008 | 090401t1996 xxu||||| |||| 00| 0 eng d | ||
| 035 | _a(Sirsi) u22139 | ||
| 041 | _aeng | ||
| 245 | _aWright v Mortimer | ||
| 260 | _c1996 | ||
| 350 | _a0 | ||
| 490 |
_aRent Review & Lease Renewal _v[1996] RRLR 16(4), 56-64(9) |
||
| 520 | _aCA 11 March 1996. Landlord M`s leave to appeal against a decision that tenant W was not significantly carrying out business activities on residential premises to warrant determination of the lease, is refused. | ||
| 650 | _aBUSINESS USE | ||
| 650 | _aDETERMINATION | ||
| 650 | _aLANDLORD AND TENANT ACT 1954 PART II | ||
| 650 | _aLEASES | ||
| 650 | _aPROPERTY-RESIDENTIAL PROPERTY-RESIDENTIAL LANDLORD AND TENANT-RESIDENTIAL TENANCIES | ||
| 650 | _aWRIGHT V MORTIMER | ||
| 690 | _aLANDLORD AND TENANT-CASE LAW-RESIDENTIAL TENANCIES | ||
| 942 | _n0 | ||
| 948 | _c04/03/1997 | ||
| 999 |
_c14826 _d14826 |
||